000 00381nam a2200157Ia 4500
008 230917s9999||||xx |||||||||||||| ||und||
040 _e64050
_aMAIN
041 _aEnglish
082 _a519.5 G59E
100 _aGoon, A M
245 0 _aFundamentals of statistics. V1 and V2
250 _a6th ed.
260 _aCalcutta
_bWorld Press
_c1993
300 _axv, 644 p.
942 _cBK
999 _c70179
_d70179